| 000 | 00711nam a2200289Ia 4500 | ||
|---|---|---|---|
| 005 | 20260324112414.0 | ||
| 008 | 008 260324s9999 xx 000 0 eng d | ||
| 020 | _a9781003453437 | ||
| 037 | _aEBOOK | ||
| 040 | _aCRL | ||
| 040 | _beng | ||
| 040 | _cCRL | ||
| 041 | _2eng | ||
| 041 | _aeng | ||
| 084 | _qCRL | ||
| 100 |
_aAndrea Giraldez Hayes; Max Eames _91142562 |
||
| 245 | 0 | _aArts-Based Coaching | |
| 245 | 0 | _bUsing Creative Tools to Promote Better Self-Expression | |
| 260 | _bTaylor and Francis | ||
| 260 | _c2024 | ||
| 365 | _a | ||
| 365 | _b205 | ||
| 856 | _uhttp://www.taylorfrancis.com/books/9781003453437 | ||
| 942 | _cEBOOK | ||
| 999 |
_c1731755 _d1731755 |
||